000 00743nam a22001937a 4500
003 OSt
005 20120302151423.0
008 091106t xxu||||| |||| 00| 0 eng d
035 _a१५८८४
040 _cमराठी
100 _aहिवराळे, सुखराम
_99769
222 _aसमाजसुधारक/ स्त्री/ स्त्री चरित्र/ चरित्र
245 _aसावित्रीबाई फुले (भाग ४ था)
250 _a१ ली
260 _aकोल्हापूर
_bप्रचार
_c१९९१
300 _b१८ पाने
440 _aप्रचार संस्कारमाला
_99771
942 _2ddc
_cBOOK
999 _c494520
_d494517